| 000 | 01674nam a2200169Ia 4500 | ||
|---|---|---|---|
| 003 | SGT | ||
| 020 | _a9788126531264 | ||
| 082 |
_a620.0015113 _bROS |
||
| 100 | _aRoss,Timothy J | ||
| 245 | _aFuzzy logic with engineering applications | ||
| 250 | _a3rd Ed. | ||
| 260 |
_bWiley India Pvt. Ltd. _aN.Delhi _c2012 |
||
| 300 | _a585p. | ||
| 650 | _aENGINEERING AND ALLIED OPERATIONS ENGINEERING AND ALLIED OPERATIONS | ||
| 653 | _aELECTRONIC ENGINEERING , MECHANICAL ENGINEERING, LOGIC AND FUZZY SYSTEMS, DEVELOPMENT OF MEMBERSHIP FUNCTIONS, MISCELLANEOUS TOPICS | ||
| 942 |
_2ddc _cBK |
||
| 999 |
_c5544 _d5544 |
||